[Event "19eme open Louviers"]
[Site "?"]
[Date "2016.11.11"]
[Round "2"]
[White "Lehericey, Romain"]
[Black "Steffenello, Leonard"]
[Result "0-1"]
[WhiteElo "1112"]
[BlackElo "2152"]
[PlyCount "70"]
[EventDate "2012.05.13"]
[SourceDate "2016.11.14"]

1. e4 c6 2. Nf3 d5 3. exd5 cxd5 4. d4 Nc6 5. Nc3 Nf6 6. Bf4 Bg4 7. Be2 e6 8. h3
Bh5 9. O-O Bd6 10. Bxd6 Qxd6 11. Nb5 Qe7 12. Ne5 Bxe2 13. Qxe2 O-O 14. c4 dxc4
15. Qxc4 Rac8 16. Rac1 a6 17. Na3 h6 18. Nb1 Rfd8 19. Rfd1 Nd5 20. Nxc6 Rxc6
21. Qa4 Rcd6 22. Nc3 Nf4 23. Ne4 Ne2+ 24. Kh1 Rxd4 25. Rxd4 Nxd4 26. Rd1 e5 27.
Nc3 Qf6 28. Ne4 Qb6 29. b3 Ne2 30. Rxd8+ Qxd8 31. b4 f5 32. Nc5 Qd2 33. Qe8+
Kh7 34. Qxe5 Qe1+ 35. Kh2 Qg1# 0-1

[Event "19eme open Louviers"]
[Site "?"]
[Date "2016.11.11"]
[Round "2"]
[White "Cassiau, Kevin"]
[Black "Bailly, Thierry"]
[Result "0-1"]
[WhiteElo "1543"]
[BlackElo "1658"]
[PlyCount "72"]
[EventDate "2012.05.13"]
[SourceDate "2016.11.14"]

1. e4 e5 2. Nf3 d6 3. d4 exd4 4. Nxd4 Nf6 5. Nc3 Be7 6. Bc4 c5 7. Nf3 Nc6 8.
Bf4 Bg4 9. Qd3 Bxf3 10. gxf3 a6 11. a4 Qc7 12. O-O-O Nb4 13. Qd2 Qa5 14. e5
dxe5 15. Bxe5 b5 16. Bxf6 gxf6 17. Qd7+ Kf8 18. Rhe1 Re8 19. Qh3 h5 20. Rxe7
Rxe7 21. Qc8+ Re8 22. Qxc5+ Re7 23. Rd7 Nc6 24. b4 Qxb4 25. Qxb4 Nxb4 26. Rxe7
Kxe7 27. axb5 axb5 28. Bxb5 Rc8 29. Kd2 Rd8+ 30. Kc1 Kd6 31. Ne4+ Ke5 32. c4
Nd3+ 33. Kb1 Ne1 34. c5 Rb8 35. Nc3 Nxf3 36. Kc2 Nd4+ 0-1

[Event "19eme open Louviers"]
[Site "?"]
[Date "2016.11.11"]
[Round "2"]
[White "Dunand, Damien"]
[Black "Troppee, Kevin"]
[Result "1-0"]
[WhiteElo "1684"]
[BlackElo "1379"]
[PlyCount "91"]
[EventDate "2012.05.13"]
[SourceDate "2016.11.14"]

1. c4 c5 2. g3 Nf6 3. Bg2 e6 4. e3 d5 5. cxd5 Nxd5 6. Ne2 Nc6 7. Nbc3 Be7 8.
O-O O-O 9. Nxd5 exd5 10. d4 c4 11. Nf4 Be6 12. Qf3 Rc8 13. Nxd5 Qxd5 14. Qxd5
Bxd5 15. Bxd5 b5 16. Bd2 Bb4 17. Bxc6 Bxd2 18. Bxb5 Rc7 19. Rfd1 c3 20. bxc3
Bxc3 21. Rac1 Rb8 22. a4 Ba5 23. Rxc7 Bxc7 24. Rc1 Ba5 25. Ba6 g6 26. Rc8+ Rxc8
27. Bxc8 Kf8 28. e4 Ke7 29. Kg2 Kd6 30. f4 f6 31. Bb7 Kc7 32. Bd5 Bb6 33. Bg8
h6 34. d5 Kd6 35. Bf7 g5 36. fxg5 hxg5 37. Kf3 Ke5 38. Bg6 Bc5 39. h4 gxh4 40.
gxh4 Bf8 41. Bf5 Kd6 42. Kg4 Ke7 43. Be6 Ke8 44. Kf5 Be7 45. h5 Kf8 46. h6 1-0

[Event "19eme open Louviers"]
[Site "?"]
[Date "2016.11.11"]
[Round "2"]
[White "Mignot, Philippe"]
[Black "Bat, Bilguun"]
[Result "0-1"]
[WhiteElo "1340"]
[BlackElo "1516"]
[PlyCount "78"]
[EventDate "2012.05.13"]
[SourceDate "2016.11.14"]

1. d4 Nf6 2. Nf3 e6 3. c4 c5 4. Nc3 cxd4 5. Nxd4 a6 6. Bg5 Be7 7. Qc2 Nc6 8. e3
Qb6 9. Nxc6 bxc6 10. Bd3 Rb8 11. b3 d5 12. Rb1 Qa5 13. O-O O-O 14. Ne2 g6 15.
Nd4 c5 16. Nc6 Qc7 17. Nxb8 Qxb8 18. Qb2 Kg7 19. h4 e5 20. Qd2 d4 21. exd4 cxd4
22. Bh6+ Kg8 23. Bxf8 Bxf8 24. Qg5 Ng4 25. h5 e4 26. g3 exd3 27. Rbd1 Bf5 28.
hxg6 fxg6 29. Qc1 Bh6 30. Qb2 Be3 31. Kg2 Qb7+ 32. f3 Ne5 33. Rde1 Nxc4 34. Qa1
d2 35. Rxe3 Nxe3+ 36. Kf2 Nxf1 37. Qxd4 Nh2 38. Qc4+ Qf7 39. Qd4 Nxf3 0-1

[Event "19eme open Louviers"]
[Site "?"]
[Date "2016.11.11"]
[Round "2"]
[White "Roche, Jan-Francois"]
[Black "Lazes, Herve"]
[Result "1-0"]
[WhiteElo "1513"]
[BlackElo "1247"]
[PlyCount "63"]
[EventDate "2012.05.13"]
[SourceDate "2016.11.14"]

1. Nf3 Nf6 2. b3 d5 3. Bb2 Bf5 4. e3 e6 5. Be2 h6 6. O-O c5 7. d3 Be7 8. Nbd2
O-O 9. Ne5 Nbd7 10. Ndf3 Nxe5 11. Nxe5 Bd6 12. f4 Qc7 13. g4 Bh7 14. Rf2 Nd7
15. Nxd7 Qxd7 16. Rg2 Qc7 17. Qd2 Qb6 18. Rf1 Qd8 19. Qc3 f6 20. g5 Kf7 21.
gxf6 Qxf6 22. Qxf6+ gxf6 23. Bh5+ Ke7 24. Rg7+ Kd8 25. Rxh7 Rg8+ 26. Kf2 Be7
27. Rxh6 f5 28. Rg1 Bh4+ 29. Kf1 Rxg1+ 30. Kxg1 Kd7 31. Bf7 e5 32. Rxh4 1-0

[Event "19eme open Louviers"]
[Site "?"]
[Date "2016.11.11"]
[Round "2"]
[White "Maraine, Louis Ermiyas"]
[Black "Bailly, Yannick"]
[Result "1/2-1/2"]
[WhiteElo "1179"]
[BlackElo "1418"]
[PlyCount "122"]
[EventDate "2012.05.13"]
[SourceDate "2016.11.14"]

1. e4 c5 2. Nf3 d6 3. d4 cxd4 4. Nxd4 g6 5. c4 Bg7 6. Be3 Nc6 7. Nc3 Nf6 8. f3
a6 9. Be2 Qc7 10. O-O O-O 11. Qd2 Nxd4 12. Bxd4 Be6 13. Rac1 Rac8 14. b3 Bd7
15. Rfd1 Bc6 16. Bf1 Qa5 17. Nd5 Qxd2 18. Nxe7+ Kh8 19. Rxd2 Rc7 20. Nd5 Bxd5
21. exd5 Re8 22. Rdc2 Rec8 23. b4 Nxd5 24. Bxg7+ Kxg7 25. Rb2 Ne3 26. Bd3 Nxc4
27. Rbc2 b5 28. a4 d5 29. axb5 axb5 30. Kf2 Re8 31. Re2 Rxe2+ 32. Bxe2 Ra7 33.
Bxc4 dxc4 34. Rc2 Ra4 35. Rb2 f5 36. Ke3 Kf6 37. f4 Ke6 38. Kd4 Kd6 39. g3 Ra3
40. Rd2 Rb3 41. Rd1 h6 42. Rd2 g5 43. Rd1 gxf4 44. gxf4 Rh3 45. Rd2 h5 46. Rd1
h4 47. Rd2 Rf3 48. Rd1 Rd3+ 49. Rxd3 cxd3 50. Kxd3 Kd5 51. h3 Kd6 52. Kd4 Ke6
53. Kc5 Kd7 54. Kxb5 Kd6 55. Kb6 Kd5 56. b5 Ke4 57. Ka6 Kxf4 58. b6 Kg3 59. b7
Kxh3 60. b8=Q Kg4 61. Qb4+ f4 {
Suite non notée car le coup illégal Dame g8 échecs a été joué.} 1/2-1/2

[Event "19eme open Louviers"]
[Site "?"]
[Date "2016.11.11"]
[Round "2"]
[White "Grenet, Dominique"]
[Black "Voegele, Francois-Marie"]
[Result "1-0"]
[WhiteElo "1403"]
[BlackElo "1130"]
[PlyCount "97"]
[EventDate "2012.05.13"]
[SourceDate "2016.11.14"]

1. e4 c5 2. Nf3 d6 3. c3 Nf6 4. d3 e6 5. Bg5 Be7 6. Nbd2 O-O 7. Be2 Bd7 8. O-O
Nc6 9. Be3 b5 10. c4 b4 11. Nb3 a5 12. Qc2 a4 13. Nbd2 a3 14. b3 Re8 15. Rad1
Bf8 16. d4 cxd4 17. Nxd4 g6 18. Nxc6 Bxc6 19. Bg5 Be7 20. Nf3 e5 21. Nxe5 Qc7
22. Nxc6 Qxc6 23. Bf3 Ra5 24. e5 Qc7 25. Bxf6 Bf8 26. exd6 Bxd6 27. g3 Rf5 28.
Qd3 Rxf6 29. Bd5 Re5 30. Rfe1 Ref5 31. Qe2 Bc5 32. Rf1 Re5 33. Qc2 Rh5 34. Rd2
Rhf5 35. Kg2 Qa7 36. Re2 Kf8 37. Qd2 Kg7 38. Qe1 Qc7 39. f3 Rh5 40. f4 Rhf5 41.
Re5 Qd7 42. Qe4 Rh5 43. Rxh5 gxh5 44. Qf3 Rf5 45. Qd1 Qc7 46. Be4 Rf6 47. Qxh5
Rh6 48. Qg4+ Kh8 49. Qg5 1-0

[Event "19eme open Louviers"]
[Site "?"]
[Date "2016.11.11"]
[Round "2"]
[White "Ponty, Matteo"]
[Black "Quevauvilliers, Philippe"]
[Result "1-0"]
[WhiteElo "1065"]
[BlackElo "1401"]
[PlyCount "101"]
[EventDate "2012.05.13"]
[SourceDate "2016.11.14"]

1. e4 e5 2. Nf3 Nc6 3. Nc3 a6 4. Bc4 h6 5. d3 Nf6 6. Be3 Bb4 7. Qd2 d6 8. a3
Ba5 9. b4 Bb6 10. Bxb6 cxb6 11. b5 Na5 12. Bd5 Bg4 13. Qe3 O-O 14. O-O Rc8 15.
Na4 Bxf3 16. Qxf3 axb5 17. Nb2 Rxc2 18. Nd1 Nxd5 19. exd5 Qc7 20. Ne3 Nb3 21.
Rab1 Nd2 22. Qg3 Nxf1 23. Kxf1 Rc1+ 24. Rxc1 Qxc1+ 25. Ke2 Qb2+ 26. Kf3 Qxa3
27. Ke4 Qc5 28. Nf5 Qb4+ 29. Ke3 Qf4+ 30. Qxf4 exf4+ 31. Kd4 Rc8 32. Nxd6 b4
33. Nxc8 b5 34. Na7 Kf8 35. Nxb5 Ke7 36. d6+ Ke6 37. Kc5 g5 38. Nd4+ Kd7 39.
Kd5 f6 40. f3 h5 41. Kc5 b6+ 42. Kd5 h4 43. h3 f5 44. Ke5 b5 45. Kd5 g4 46. Kc5
gxh3 47. gxh3 b3 48. Nxb3 Kd8 49. Kc6 Kc8 50. d7+ Kd8 51. Nc5 1-0

[Event "19eme open Louviers"]
[Site "?"]
[Date "2016.11.11"]
[Round "2"]
[White "Coquelin, Jonathan"]
[Black "Marliere-Lepretre, Corentin"]
[Result "0-1"]
[WhiteElo "1399"]
[BlackElo "1095"]
[PlyCount "65"]
[EventDate "2012.05.13"]
[SourceDate "2016.11.14"]

1. d4 Nf6 2. c4 g6 3. Nc3 Bg7 4. Nf3 d6 5. e3 O-O 6. Be2 Bf5 7. d5 c6 8. Nd4
Bd7 9. Qb3 Qb6 10. Bd2 Qxb3 11. axb3 cxd5 12. cxd5 Re8 13. O-O e6 14. dxe6 fxe6
15. Ncb5 Bxb5 16. Nxb5 Ne4 17. Bb4 Bxb2 18. Ra2 Be5 19. Nc7 Nc6 20. Nxa8 Rxa8
21. Ba3 Nc3 22. Rc2 b5 23. Bg4 Re8 24. f4 Bf6 25. Bxd6 h5 26. Bf3 Nd8 27. Bb4
Nd5 28. Bxd5 exd5 29. Bc5 Nb7 30. Bxa7 g5 31. Rc6 Bd8 32. fxg5 Bxg5 33. Rg6+
0-1

[Event "19eme open Louviers"]
[Site "?"]
[Date "2016.11.11"]
[Round "2"]
[White "Marie, Isabelle"]
[Black "Soenen, Baptiste"]
[Result "1-0"]
[WhiteElo "1047"]
[BlackElo "1399"]
[PlyCount "51"]
[EventDate "2012.05.13"]
[SourceDate "2016.11.14"]

1. e4 e5 2. Nf3 Nf6 3. Nc3 Nc6 4. Bc4 Bc5 5. d3 Ng4 6. Be3 Nd4 7. h3 Nxe3 8.
fxe3 Nxf3+ 9. Qxf3 Qh4+ 10. Ke2 g6 11. Nd5 Qh5 12. Nxc7+ Kd8 13. Nxa8 f5 14.
Qxh5 gxh5 15. exf5 Rg8 16. Bxg8 d6 17. Be6 Bxe6 18. fxe6 d5 19. Rhf1 d4 20. e4
Kc8 21. Rf5 Kb8 22. Rxh5 Kxa8 23. Rxh7 a6 24. a3 Ka7 25. b4 Be7 26. Rxe7 1-0

[Event "19eme open Louviers"]
[Site "?"]
[Date "2016.11.11"]
[Round "2"]
[White "Blondel, Jean-Michel"]
[Black "Bat, Anu"]
[Result "1-0"]
[WhiteElo "1396"]
[BlackElo "1062"]
[PlyCount "67"]
[EventDate "2012.05.13"]
[SourceDate "2016.11.14"]

1. e4 e5 2. Nf3 Nc6 3. Bc4 Bc5 4. O-O Nf6 5. Nc3 O-O 6. Re1 d6 7. Na4 Bg4 8.
Nxc5 dxc5 9. h3 Bh5 10. c3 Qd6 11. d3 a6 12. a4 b5 13. axb5 axb5 14. Rxa8 Rxa8
15. Bxb5 Ra1 16. Qe2 Ra5 17. Bxc6 Qxc6 18. Nxe5 Qd6 19. Nf3 c4 20. dxc4 Rc5 21.
e5 Bxf3 22. Qxf3 Rxe5 23. Qa8+ Qf8 24. Qxf8+ Kxf8 25. Rxe5 Nd7 26. Re1 Nb6 27.
c5 Nc4 28. b4 c6 29. Re4 f5 30. Rxc4 g5 31. Rd4 f4 32. b5 cxb5 33. c6 Ke7 34.
c7 1-0

[Event "19eme open Louviers"]
[Site "?"]
[Date "2016.11.12"]
[Round "3"]
[White "Josse, Sebastien"]
[Black "Joslin, Jerome"]
[Result "0-1"]
[WhiteElo "1824"]
[BlackElo "2100"]
[PlyCount "84"]
[EventDate "2012.05.13"]
[SourceDate "2016.11.15"]

1. e4 e5 2. d4 exd4 3. Qxd4 Nc6 4. Qe3 Nf6 5. Bd2 Bb4 6. c3 Ba5 7. Bd3 Bb6 8.
Qg3 Qe7 9. Bg5 Nxe4 10. Bxe7 Nxg3 11. hxg3 Nxe7 12. Nd2 h6 13. Nh3 d5 14. a4 a5
15. Nf4 c6 16. Nf3 Bf5 17. Nd4 Bxd4 18. cxd4 Bxd3 19. Nxd3 Nf5 20. O-O-O Nxd4
21. Nc5 Ne6 22. Rde1 Ke7 23. f4 g6 24. Re5 Kd6 25. Nxe6 fxe6 26. Rhe1 Rae8 27.
g4 Rh7 28. f5 gxf5 29. gxf5 Rhe7 30. fxe6 Rxe6 31. Rxe6+ Rxe6 32. Rf1 Kc5 33.
Rf3 Re1+ 34. Kd2 Ra1 35. Rf4 b5 36. Rh4 Rxa4 37. Rxh6 Rg4 38. Rh2 Rg3 39. Ke1
Rb3 40. g4 Rg3 41. Rh4 Rg2 42. b3 a4 0-1

[Event "19eme open Louviers"]
[Site "?"]
[Date "2016.11.12"]
[Round "3"]
[White "Serano, Vincent"]
[Black "Abdat, Rachid"]
[Result "0-1"]
[WhiteElo "1708"]
[BlackElo "1882"]
[PlyCount "110"]
[EventDate "2012.05.13"]
[SourceDate "2016.11.15"]

1. d4 Nf6 2. Nf3 d5 3. g3 Bg4 4. Bg2 Nbd7 5. Nbd2 e6 6. O-O c5 7. c3 Bd6 8. Re1
O-O 9. e4 dxe4 10. Nxe4 Nxe4 11. Rxe4 Bf5 12. Re1 Bg4 13. Qb3 Qc7 14. Ng5 h6
15. Ne4 c4 16. Qc2 Bf5 17. Qe2 Bxe4 18. Qxe4 Rab8 19. Qh4 Qd8 20. Qh3 Qf6 21.
Re4 Qf5 22. Qxf5 exf5 23. Re2 b5 24. Bd2 a5 25. Rae1 Nf6 26. h4 b4 27. Bf3 Rfc8
28. Kg2 Kf8 29. Kh3 a4 30. g4 fxg4+ 31. Bxg4 Nxg4 32. Kxg4 a3 33. bxa3 bxa3 34.
Bc1 Rb5 35. f4 g6 36. h5 Rxh5 37. f5 Rxf5 38. Bxh6+ Kg8 39. Bc1 Rh5 40. Re8+
Rxe8 41. Rxe8+ Kg7 42. Ra8 f5+ 43. Kf3 Rh3+ 44. Ke2 Rxc3 45. Ra7+ Kf6 46. Bd2
Rc2 47. Ra6 c3 48. Rxd6+ Kf7 49. Rc6 Rxd2+ 50. Ke1 Rxa2 51. Rxc3 g5 52. Kd1
Ra1+ 53. Kc2 a2 54. Kb2 Rd1 55. Kxa2 Rxd4 0-1

[Event "19eme open Louviers"]
[Site "?"]
[Date "2016.11.12"]
[Round "3"]
[White "Andrieu, Philippe"]
[Black "Roussel, Maxime"]
[Result "1/2-1/2"]
[WhiteElo "1856"]
[BlackElo "1551"]
[PlyCount "118"]
[EventDate "2012.05.13"]
[SourceDate "2016.11.15"]

1. c4 e5 2. Nc3 Nc6 3. g3 f5 4. Bg2 Nf6 5. d3 Bc5 6. Nf3 O-O 7. O-O d6 8. Bg5
Qe8 9. Bxf6 Rxf6 10. Nd5 Rf7 11. Ng5 Rd7 12. e3 h6 13. Nf3 Ne7 14. Nh4 c6 15.
Nc3 g5 16. Nf3 Ng6 17. Na4 b6 18. d4 e4 19. dxc5 exf3 20. Bxf3 dxc5 21. Bxc6
Rxd1 22. Bxe8 Rxa1 23. Rxa1 Ne5 24. Bh5 Bd7 25. Nc3 Nxc4 26. Bf3 Re8 27. Nd5
Kg7 28. b3 Ne5 29. Bg2 Bc6 30. e4 fxe4 31. Bxe4 Bxd5 32. Bxd5 Rd8 33. Rd1 Nc6
34. Bf3 Rxd1+ 35. Bxd1 Kf6 36. Kf1 Ke5 37. Ke2 Kd4 38. Kd2 Nb4 39. a3 Nd3 40.
f3 b5 41. a4 bxa4 42. bxa4 c4 43. Bc2 Nb4 44. f4 c3+ 45. Kd1 Nd5 46. fxg5 hxg5
47. h4 gxh4 48. gxh4 Ne3+ 49. Kc1 Ng4 50. h5 Kc4 51. Bd1 Nh6 52. Be2+ Kb4 53.
Bb5 a6 54. Bd7 Kb3 55. Bc6 Nf5 56. Be4 Nh6 57. Bc2+ Kc4 58. Kd1 Kb4 59. Ke2 Ka3
1/2-1/2

[Event "19eme open Louviers"]
[Site "?"]
[Date "2016.11.12"]
[Round "3"]
[White "Steffenello, Leonard"]
[Black "Mergen, Bat"]
[Result "1-0"]
[WhiteElo "2152"]
[BlackElo "1785"]
[PlyCount "133"]
[EventDate "2012.05.13"]
[SourceDate "2016.11.15"]

1. d4 d5 2. c4 c6 3. Nf3 Bf5 4. Nc3 e6 5. g3 Bd6 6. Qb3 Qc8 7. Bg2 Nf6 8. Nh4
Bg6 9. Nxg6 hxg6 10. Bg5 Nbd7 11. Rc1 Qb8 12. e4 dxe4 13. Nxe4 Nxe4 14. Bxe4
Nf6 15. Bf3 a5 16. O-O a4 17. Qc3 Nh7 18. Bd2 Nf6 19. d5 exd5 20. Rfe1+ Kf8 21.
cxd5 Nxd5 22. Qd3 Nf6 23. Bc3 a3 24. Rcd1 Be7 25. Rxe7 axb2 26. Bxf6 gxf6 27.
Qd7 Rh7 28. Qxb7 Qxb7 29. Rxb7 Rxa2 30. Rb1 Ra1 31. R7xb2 Rxb1+ 32. Rxb1 c5 33.
Rc1 f5 34. Rxc5 Kg7 35. Kg2 Rh8 36. h4 Ra8 37. Rc7 Rf8 38. Bd5 Kf6 39. Kf3 Kg7
40. Bc4 Ra8 41. Rxf7+ Kh6 42. Rf6 Ra3+ 43. Kg2 Rc3 44. Rc6 Kg7 45. Bd5 Rd3 46.
Bf3 Rd4 47. Rb6 Rd8 48. Be2 Rd4 49. Kf3 Ra4 50. Ke3 Re4+ 51. Kd2 Rd4+ 52. Bd3
Ra4 53. Ke3 Ra3 54. Rd6 Ra4 55. h5 f4+ 56. gxf4 gxh5 57. Rg6+ Kf7 58. Rg5 h4
59. Rh5 Ra3 60. Rxh4 Kf6 61. Rh6+ Kg7 62. Rd6 Kf7 63. f5 Ke7 64. Re6+ Kf7 65.
Rc6 Ke7 66. f6+ Kf7 67. Ke4 1-0

[Event "19eme open Louviers"]
[Site "?"]
[Date "2016.11.12"]
[Round "3"]
[White "Garcia, Adrien"]
[Black "Guillaumat, Jean-Pierre"]
[Result "1-0"]
[WhiteElo "1976"]
[BlackElo "1754"]
[PlyCount "107"]
[EventDate "2012.05.13"]
[SourceDate "2016.11.15"]

1. Nc3 d5 2. e4 dxe4 3. Nxe4 Nf6 4. Ng3 g6 5. Nf3 Bg7 6. Bc4 Nbd7 7. Qe2 e6 8.
d3 O-O 9. h4 h5 10. Bg5 Qe8 11. O-O Nb6 12. Bb3 a5 13. a3 Ng4 14. d4 Bd7 15.
Rad1 Bc6 16. Ba2 a4 17. Rfe1 Qc8 18. Nf1 Re8 19. Ne3 Nxe3 20. Qxe3 Bd5 21. Bxd5
Nxd5 22. Qd2 b5 23. Bh6 f6 24. Bxg7 Kxg7 25. Qd3 c6 26. Nd2 Ra7 27. Ne4 Qd8 28.
c4 bxc4 29. Qxc4 Qb8 30. Nc5 e5 31. Nxa4 Qb5 32. Qxb5 cxb5 33. Nc5 Nb6 34. dxe5
fxe5 35. Ne4 Nc4 36. Nd6 Re6 37. Nxc4 bxc4 38. Rd5 Rb7 39. Re2 Reb6 40. Rc5
Rxb2 41. Rxb2 Rxb2 42. Rxc4 Rb3 43. a4 Ra3 44. g3 Kf6 45. Rc6+ Kf5 46. Ra6 g5
47. Rh6 Rxa4 48. Rxh5 Rg4 49. Rxg5+ Rxg5 50. hxg5 Kxg5 51. f3 Kf5 52. Kf2 e4
53. f4 Kg4 54. Ke3 1-0

[Event "19eme open Louviers"]
[Site "?"]
[Date "2016.11.12"]
[Round "3"]
[White "Rascle, Adeline"]
[Black "Boursier, Xavier"]
[Result "0-1"]
[WhiteElo "1564"]
[BlackElo "1941"]
[PlyCount "122"]
[EventDate "2012.05.13"]
[SourceDate "2016.11.15"]

1. d4 e6 2. c4 f5 3. Nc3 Nf6 4. Bf4 d6 5. e3 Be7 6. Rc1 O-O 7. Bd3 a6 8. Nge2
Qe8 9. Bb1 Nc6 10. d5 Ne5 11. Qb3 Ned7 12. Na4 e5 13. Bg5 h6 14. Bxf6 Nxf6 15.
Qd1 Bd7 16. Nac3 f4 17. e4 Qg6 18. Rg1 Qh5 19. h3 Nh7 20. Na4 Qg6 21. b4 Ng5
22. f3 Bxh3 23. c5 Qh5 24. Qd3 Bxg2 25. Rxg2 Qh1+ 26. Ng1 Qxg2 27. Qf1 Qxf1+
28. Kxf1 Rac8 29. Bd3 Nh7 30. Nb2 Nf6 31. c6 b5 32. Ra1 Ra8 33. Ne2 Rfb8 34.
Bc2 a5 35. Nd3 axb4 36. Nxb4 Ra3 37. Bb3 g5 38. Kg2 g4 39. Rh1 Kg7 40. Nc3 Kg6
41. fxg4 Nxg4 42. Kf3 Ne3 43. Nd3 Nc4 44. Ke2 Ne3 45. Nb4 Bg5 46. Rg1 Kf6 47.
Nd3 Raa8 48. Nb4 Rb6 49. Nd1 Nxd1 50. Rxd1 h5 51. Nd3 Bh4 52. Rh1 Kg5 53. Kf3
Rba6 54. Rg1+ Bg3 55. Nf2 Rxa2 56. Bxa2 Rxa2 57. Nh1 h4 58. Rb1 Ra5 59. Rg1 b4
60. Nf2 Ra3+ 61. Ke2 Ra2+ 0-1

[Event "19eme open Louviers"]
[Site "?"]
[Date "2016.11.12"]
[Round "3"]
[White "Bailly, Thierry"]
[Black "Vigneron, Frederic"]
[Result "1/2-1/2"]
[WhiteElo "1658"]
[BlackElo "1811"]
[PlyCount "43"]
[EventDate "2012.05.13"]
[SourceDate "2016.11.15"]

1. Nf3 Nf6 2. d4 d5 3. e3 e6 4. c4 c6 5. Nc3 Nbd7 6. Bd3 Be7 7. Qe2 dxc4 8.
Bxc4 b5 9. Bd3 Bb7 10. Bd2 a6 11. Rc1 O-O 12. O-O c5 13. Rfd1 cxd4 14. exd4 Nb6
15. h4 Nc4 16. Bg5 Bxf3 17. gxf3 h6 18. Bxf6 Bxf6 19. Bxc4 bxc4 20. Qxc4 Bxh4
21. d5 Rc8 22. Qe4 1/2-1/2

[Event "19eme open Louviers"]
[Site "?"]
[Date "2016.11.12"]
[Round "3"]
[White "Lehericey, Fabrice"]
[Black "Roche, Jan-Francois"]
[Result "1-0"]
[WhiteElo "1898"]
[BlackElo "1513"]
[PlyCount "59"]
[EventDate "2012.05.13"]
[SourceDate "2016.11.15"]

1. e4 Nf6 2. e5 Nd5 3. d4 d6 4. c4 Nb6 5. f4 dxe5 6. fxe5 Nc6 7. Be3 Bf5 8. Nf3
e6 9. Be2 Be7 10. O-O O-O 11. Nc3 f6 12. Qe1 fxe5 13. dxe5 Qe8 14. a3 Bg4 15.
Qg3 Bxf3 16. Rxf3 Rxf3 17. Bxf3 Nxc4 18. Bxc6 bxc6 19. Rf1 Nxe3 20. Qxe3 Qg6
21. b4 a5 22. b5 cxb5 23. Nxb5 Rb8 24. Qa7 Qe8 25. Nxc7 Qc8 26. Nxe6 Rb7 27.
Qa6 Bxa3 28. Qxa5 Bb4 29. Qd5 Qd7 30. Qb3 1-0

[Event "19eme open Louviers"]
[Site "?"]
[Date "2016.11.12"]
[Round "3"]
[White "Yuan, Beline"]
[Black "Coquelin, Jonathan"]
[Result "1-0"]
[WhiteElo "1795"]
[BlackElo "1399"]
[PlyCount "57"]
[EventDate "2012.05.13"]
[SourceDate "2016.11.15"]

1. d4 d5 2. c4 e6 3. Nc3 Nf6 4. Bg5 Nbd7 5. e3 c6 6. Nf3 Qa5 7. Qb3 Ne4 8. Bh4
Bb4 9. Rc1 O-O 10. a3 Bxc3+ 11. bxc3 Re8 12. Bd3 dxc4 13. Bxc4 b5 14. Bd3 Nef6
15. O-O Bb7 16. Ra1 Qc7 17. Bg3 Qb6 18. Rfb1 a6 19. a4 Nd5 20. c4 Nc7 21. a5
Qa7 22. Bxc7 Bc8 23. Bg3 Nf6 24. Rc1 Qe7 25. cxb5 cxb5 26. Rc7 Qd8 27. Ng5 Nd5
28. Nxf7 Nxc7 29. Nxd8 1-0

[Event "19eme open Louviers"]
[Site "?"]
[Date "2016.11.12"]
[Round "3"]
[White "Bat, Bilguun"]
[Black "Dunand, Damien"]
[Result "1/2-1/2"]
[WhiteElo "1516"]
[BlackElo "1683"]
[PlyCount "83"]
[EventDate "2012.05.13"]
[SourceDate "2016.11.15"]

1. d4 Nf6 2. c4 g6 3. Nc3 Bg7 4. e4 d6 5. Bd3 O-O 6. Nge2 e5 7. d5 c6 8. O-O
cxd5 9. cxd5 Nbd7 10. Be3 Ng4 11. Qd2 Nxe3 12. Qxe3 Nc5 13. Bc2 f5 14. f3 fxe4
15. Nxe4 Qb6 16. b4 Nxe4 17. Qxb6 axb6 18. fxe4 Rxf1+ 19. Kxf1 Bg4 20. h3 Bxe2+
21. Kxe2 Rc8 22. Bd3 Bh6 23. a4 Kf8 24. Ra2 Ke7 25. Rc2 Rxc2+ 26. Bxc2 Kf6 27.
Bd3 Bf4 28. Bb5 Kg5 29. Bc6 Kh4 30. Kf3 Bd2 31. b5 Be1 32. Bxb7 Kg5 33. Bc8 h5
34. Bd7 Kf6 35. Be8 h4 36. Kg4 g5 37. Bh5 Bd2 38. g3 hxg3 39. Kxg3 Be1+ 40. Kg4
Bd2 41. Be8 Be1 42. Bd7 1/2-1/2

[Event "19eme open Louviers"]
[Site "?"]
[Date "2016.11.12"]
[Round "3"]
[White "Arinal, Serge"]
[Black "Blondel, Jean-Michel"]
[Result "1-0"]
[WhiteElo "1604"]
[BlackElo "1396"]
[PlyCount "83"]
[EventDate "2012.05.13"]
[SourceDate "2016.11.15"]

1. Nf3 d6 2. c4 e5 3. g3 Nf6 4. Bg2 Be7 5. O-O O-O 6. Nc3 Nc6 7. b3 Bf5 8. Ng5
Bd7 9. Nge4 Nxe4 10. Bxe4 Rb8 11. Nd5 Bg5 12. Re1 Ne7 13. Nxe7+ Qxe7 14. e3 f5
15. Bg2 Qf6 16. Bb2 Qd8 17. d4 Bf6 18. dxe5 Bxe5 19. Qd5+ Kh8 20. Bxe5 dxe5 21.
Qxe5 Re8 22. Qc3 Be6 23. Rad1 Qe7 24. Rd2 c6 25. Red1 Rbd8 26. Qa5 Rxd2 27.
Rxd2 b6 28. Qc3 c5 29. Qc2 Rd8 30. Bd5 Bxd5 31. Rxd5 Rxd5 32. cxd5 Qd7 33. Qd3
Kg8 34. e4 fxe4 35. Qxe4 g6 36. f4 Kf8 37. Kg2 Qe7 38. Kf3 Qd7 39. g4 h6 40. f5
gxf5 41. gxf5 Kg8 42. Qe6+ 1-0

[Event "19eme open Louviers"]
[Site "?"]
[Date "2016.11.12"]
[Round "3"]
[White "Kurjakovic, Omer"]
[Black "Marie, Isabelle"]
[Result "1-0"]
[WhiteElo "1573"]
[BlackElo "1047"]
[PlyCount "59"]
[EventDate "2012.05.13"]
[SourceDate "2016.11.15"]

1. Nf3 d5 2. d4 Nc6 3. c3 Nf6 4. Bf4 h6 5. h3 e6 6. e3 a6 7. Be2 Be7 8. Nbd2
Ne4 9. Ne5 Nxe5 10. Bxe5 Bf6 11. Bh2 Nxd2 12. Qxd2 Bd7 13. b3 Be7 14. a3 O-O
15. O-O Bd6 16. f4 Bb5 17. c4 dxc4 18. bxc4 Bd7 19. c5 Be7 20. Bf3 c6 21. Rab1
Ra7 22. Rb6 Qc7 23. Rfb1 Rb8 24. f5 Qc8 25. Bxb8 Qxb8 26. fxe6 fxe6 27. Qb2 Bc8
28. Bxc6 Bd8 29. Rb3 Qc7 30. Bxb7 1-0

[Event "19eme open Louviers"]
[Site "?"]
[Date "2016.11.12"]
[Round "3"]
[White "Aupoix, Thibaud"]
[Black "Gitton, Maxence"]
[Result "1-0"]
[WhiteElo "1567"]
[BlackElo "1009"]
[PlyCount "39"]
[EventDate "2012.05.13"]
[SourceDate "2016.11.15"]

1. e4 e5 2. Nf3 Nc6 3. d4 d6 4. dxe5 Bg4 5. exd6 cxd6 6. Be2 Nf6 7. Nc3 Qa5 8.
O-O O-O-O 9. Ng5 Be6 10. a3 d5 11. b4 Qc7 12. exd5 Bxd5 13. Nxd5 Qe5 14. Nxf7
Qxa1 15. Nxd8 Nxd8 16. Bg4+ Kb8 17. Bf4+ Ka8 18. Nc7+ Kb8 19. Na6+ Ka8 20.
Qxd8# 1-0

[Event "19eme open Louviers"]
[Site "?"]
[Date "2016.11.12"]
[Round "3"]
[White "Cassiau, Kevin"]
[Black "Ponty, Matteo"]
[Result "1-0"]
[WhiteElo "1543"]
[BlackElo "1065"]
[PlyCount "53"]
[EventDate "2012.05.13"]
[SourceDate "2016.11.15"]

1. e4 e5 2. Nf3 d5 3. exd5 e4 4. Qe2 Nf6 5. Nc3 Bf5 6. Qb5+ c6 7. dxc6 Nxc6 8.
Qxf5 exf3 9. Qxf3 Nd4 10. Qe3+ Be7 11. Kd1 Ng4 12. Qg3 Qc8 13. Be2 Nxe2 14.
Nxe2 Qd7 15. h3 Bd6 16. Qxg4 Qxg4 17. hxg4 O-O 18. d3 Rfe8 19. Be3 Rad8 20. Kd2
g6 21. Bd4 Bb4+ 22. Bc3 Be7 23. g3 Bg5+ 24. f4 Be7 25. Rh3 g5 26. f5 f6 27.
Rah1 1-0

[Event "19eme open Louviers"]
[Site "?"]
[Date "2016.11.12"]
[Round "3"]
[White "Bailly, Yannick"]
[Black "Lehericey, Romain"]
[Result "0-1"]
[WhiteElo "1418"]
[BlackElo "1112"]
[PlyCount "84"]
[EventDate "2012.05.13"]
[SourceDate "2016.11.15"]

1. Nf3 c5 2. d4 cxd4 3. Nxd4 g6 4. e4 Bg7 5. c3 d6 6. Be3 Nf6 7. Bd3 O-O 8. Nd2
Nc6 9. N2f3 e6 10. Bg5 e5 11. Nb3 Be6 12. O-O d5 13. Bxf6 Bxf6 14. Re1 Re8 15.
h3 Qd6 16. Qc2 d4 17. cxd4 exd4 18. Qc5 Rad8 19. Qxd6 Rxd6 20. Nc5 Bc8 21. a3
b6 22. Nb3 Rde6 23. Nfd2 a5 24. f3 Bg7 25. Rac1 Bb7 26. Na1 Nd8 27. Nc4 Kh8 28.
Re2 f5 29. Rce1 fxe4 30. fxe4 Nf7 31. Nb3 Bh6 32. Nxd4 R6e7 33. Kf1 Rd8 34.
Nxb6 Rxd4 35. Bb1 Ng5 36. Nd5 Bxd5 37. exd5 Rxe2 38. Rxe2 Rxd5 39. Re8+ Kg7 40.
Ba2 Rd2 41. Rg8+ Kf6 42. Rf8+ Bxf8 0-1